000 00364nam a2200145Ia 4500
008 230917s9999||||xx |||||||||||||| ||und||
040 _e86184
_aMAIN
041 _aEnglish
082 _a940.54 C364H
100 _achant, Christ
245 0 _aHitler's generals and their battles
260 _aLondon
_bA Salamander Books
_c1977
300 _a243 p.
942 _cBK
999 _c223642
_d223642